000 00622nam a2200217 a 4500
005 20240924070323.0
008 070420s1996 mx r 000 0 spa d
020 _a8489660166
035 _aUPN01000150111
049 _aCG
050 4 _aGN316
_bE4.2 1996
100 1 _aEmber, Carol R.
245 1 0 _aAntropología cultural /
_cCarol R. Ember, Melvin Ember ; tr. Daniel Candel.
250 _a8a ed.
260 _aMadrid :
_bPrentice-Hall,
_c1996.
300 _a491 . :
_bil.
534 _pTraducción de:
_tCultural anthropology
650 2 _aEtnología
_94794
700 1 _aEmber, Melvin,
_ecoaut.
905 _aLibro
999 _c122252
_d122252